Gyn/Ecology : The Metaethics of Radical Feminism /
Tallennettuna:
| Päätekijä: | |
|---|---|
| Aineistotyyppi: | Kirja |
| Kieli: | englanti |
| Julkaistu: |
Boston, EUA :
Beacon,
1990, c1990
|
| Sarja: | (Beacon Paperback ;
488) |
| Aiheet: | |
| Tagit: |
fem
1
|
MARC
| LEADER | 00000nam^a2200000^a^4500 | ||
|---|---|---|---|
| 001 | 000190926 | ||
| 005 | 20250521000000.0 | ||
| 009 | 20260310102510.009 | ||
| 020 | |a 0-8070-1413-3 | ||
| 037 | |a Acervo ITESO - Biblioteca | ||
| 041 | |a ING | ||
| 082 | |a 305. 42 |b DAL | ||
| 100 | |a Daly, Mary |e (autor) | ||
| 245 | 1 | 0 | |a Gyn/Ecology : |b The Metaethics of Radical Feminism / |c M. Daly. |
| 264 | 4 | |a Boston, EUA : |b Beacon, |c 1990, c1990 | |
| 300 | |a LIII, 484 p. | ||
| 336 | |a texto |b txt |2 rdacontenido | ||
| 337 | |a sin mediación |b n |2 rdamedio | ||
| 338 | |a volumen |b nc |2 rdasoporte | ||
| 440 | 1 | |a (Beacon Paperback ; |v 488) | |
| 649 | |a XX | ||
| 650 | |a Mujeres en la Religión | ||
| 650 | |a Mujeres - |x Condiciones Sociales y Culturales | ||
| 650 | |a Mujeres - |z Africa - |x Condiciones Sociales y Culturales | ||
| 650 | |a Mujeres - |z China - |x Condiciones Sociales y Culturales | ||
| 650 | |a Mujeres - |z India - |x Condiciones Sociales y Culturales | ||
| 650 | |a Viudos - |z India - |x Condiciones Sociales y Culturales | ||
| 650 | |a Feminismo - |x Aspectos Eticos | ||
| 650 | |a Feminismo - |x Filosofía - |x Tema Principal | ||
| 650 | |a Mitología | ||
| 650 | |a Mutilación - |z Africa | ||
| 650 | |a Organos Sexuales | ||
| 650 | |a Pies - |x Anormalidades y Deformidades - |x Aspectos Sociales y Culturales | ||
| 650 | |a Pies - |z China - |x Aspectos Sociales y Culturales | ||
| 650 | |a Ritos Funerarios - |z India | ||
| 650 | |a Ritos Religiosos - |z India | ||
| 650 | |a Brujería - |z Europa - |x Historia - |y 476-1492 | ||
| 650 | |a Edad Media - |x Historia | ||
| 650 | |a Ginecología - |z EUA | ||
| 650 | |a Medicina - |z EUA | ||
| 650 | |a Ciencias Médicas - |z EUA | ||
| 650 | |a Nazismo | ||
| 650 | |a Discriminación de Género | ||
| 650 | |a Discriminación | ||
| 650 | |a Problemas Sociales | ||
| 650 | |a Prácticas Culturales | ||
| 650 | |a Cristianismo | ||
| 650 | |a Religión | ||
| 650 | |a Sociología de la Religión | ||
| 650 | |a Etica Social | ||
| 650 | |a Sociología | ||
| 910 | |a Fondo General | ||
| 920 | |a Impresos - Libros | ||
| 930 | |a Colección General | ||
| 905 | |a 101 | ||
| 901 | |a 0500134201 |b IT1 |c ACC |u 20250521 | ||
| 902 | |a https://opac.biblio.iteso.mx/vufind/Record/000190926 | ||